|
|
|
|
| LEADER |
00665nta a2200169 i 4500 |
| 001 |
dipl50855 |
| 005 |
20150414154824.0 |
| 008 |
150410s2013 hu om 0|| zxx d |
| 040 |
|
|
|a SZTE Diploma Repozitórium
|b hun
|
| 041 |
|
|
|a zxx
|
| 100 |
1 |
|
|a Fehérváry István
|
| 245 |
1 |
0 |
|a Körös torok menti Tisza szakasz morfológiai jellemzése
|h [elektronikus dokumentum] /
|c István Fehérváry
|
| 246 |
1 |
0 |
|a Confluence of river Körös
|h [elektronikus dokumentum]
|
| 260 |
|
|
|c 2013
|
| 650 |
|
4 |
|a Természettudományok
|
| 700 |
1 |
|
|a Kiss Timea
|e ths
|
| 856 |
4 |
0 |
|u http://diploma.bibl.u-szeged.hu/id/eprint/50855/1/2012_Feh%C3%A9rv%C3%A1ry_Istv%C3%A1n_FEISABT_SZE_SZ.pdf
|z Dokumentum-elérés
|